| 000 | 00333nam a2200109Ia 4500 | ||
|---|---|---|---|
| 008 | 171211s9999 xx 000 0 und d | ||
| 245 | _aCapture the Magic: Train Your Eye, Improve Your Photographic Composition | ||
| 245 | _cJack Dykinga | ||
| 260 | _c2013 | ||
| 650 | _xHobbies | ||
| 856 | _uhttp://down.ebook777.com/064/1937538354.pdf | ||
| 999 |
_c350325 _d350325 |
||